1484 1077 1892 1205 1625 1414 1274 1379 1677 1638 1994 1242 1604 1017 1592 1383 1926 1426 1217 1099 1258 1681 1851 1372 1715 1212 1188 1262 1468 1942 1441 1135 1786 1184 1193 1845 1798 1984 1585 1176 1364 1007 1845 1344 1549 1372 1611 1356 1068 1398 1825 1713 1769 1270 1051 1654 1835 1968 1931 1992 1598 1469 1871 1604 1365 1201 1245 1812 1611 1368 1527 1077 1682 1040 1357 1091 1395 1162 1386 1205 1769 1942 1321 1028 1834 1594 1417 1723 1716 1713 1795 1027 1365 1456 1956 1502 1068 1739 1195 BCNSPRNW ULIB Ver.6.0+V

เปลี่ยนเป็นภาษาไทย

Change to English
 แสดงรายละเอียดบรรณานุกรม
  กลับหน้าหลัก

Brief Record : Get Marc (ISO 2709) : E-mail record : QR code < ปิดหน้าต่าง
LEADER : 00000nam 2200000uu 4500
001    13399125109
003     ULIB
008    020711s2552 th a 000 0 tha d
020    9789743009068
060  4 WE544^bส293น
110    สมาคมการศึกษาเรื่องความปวดแห่งประเทศไทย
245    แนวทางเวชปฏิบัติกลุ่มอาการปวดเรื้อรังระบบกระดูกและกล้ามเนื้อ/^cสมาคมการศึกษาเรื่องความปวดแห่งประเทศไทย
250    พิมพ์ครั้งที่ 1
260    กรุงเทพมหานคร :^bสมาคมการศึกษาเรื่องความปวดแห่งประเทศไทย,^c2552
300    38 หน้า;^b29.5 ซม.
650    การปวดเรื้อรัง^xกระดูกและกล้ามเนื้อ
945    ^p100^l0^i001355
999    ^aเกษร โพธิ์สุวรรณ
รายการนี้ยังไม่มีแท็ก
คุณยังไม่ได้ล็อกอิน คุณสามารถมีกิจกรรมร่วมกับเว็บไซต์ได้ แต่ต้องล็อกอินก่อน ::
  ล็อกอิน

รายการสื่อสารสนเทศ

ลำดับที่ ประเภท เลขเรียก/บาร์โค้ด สถานที่ สถานะ
1. วิทยาศาสตร์การแพทย์ และสุขภาพ
หนังสือสำรอง
สถานะ=หนังสือสำรอง
WE544 ส293น ฉ.1 
  Barcode: 001355
ห้องสมุดวิทยาเขตสวรรค์ประชารักษ์
►หนังสือทั่วไป
บนชั้น

BibComment


ยังไม่เคยถูกคอมเมนท์

คอมเมนท์ทรัพยากรรายการนี้
  คอมเมนท์: แนวทางเวชปฏิบัติก..


 Copyright 2026. Bcnsprnw @Library